La papauté contemporaine 1878-1950

-д хадгалсан:
Номзүйн дэлгэрэнгүй
Үндсэн зохиолч: Marc-Bonnet, Henry (autor)
Формат: Ном
Хэл сонгох:франц
Хэвлэсэн: París Presses Universitaires de France 1951
Хэвлэл:1a. ed
Цуврал:Que Sais-Je
Нөхцлүүд:
Шошгууд: Шошго нэмэх
Шошго байхгүй, Энэхүү баримтыг шошголох эхний хүн болох!

MARC

LEADER 00000nam a2200000 a 4500
001 UCH2686
003 CL-VaPUC
008 090624e19510000FR |||||||||||||||||fre|d
082 0 4 |a 262.13  |b MAR  |2 21 
100 |a Marc-Bonnet, Henry  |e autor  |9 537682 
245 1 3 |a La papauté contemporaine 1878-1950 
250 |a 1a. ed 
300 |a 135 p 
942 |c BK 
945 |d 20090624 00:00:00  |a rbrito 
260 |a París  |b Presses Universitaires de France  |c 1951 
650 0 |a Pontificado   |9 400088 
650 0 |a Pontífices  |9 375468 
650 7 |a DERECHO CANONICO  |2 CL-VaPUC  |9 537683 
650 0 |a Iglesia Católica  |9 256114 
583 |a last modification  |c 20090624 00:00:00  |k Rodrigo Vera 
490 0 |a Que Sais-Je 
999 |c 334402  |d 334400 
952 |0 0  |1 0  |4 0  |6 262_130000000000000_MAR_1951  |7 0  |8 X  |9 423393  |a FDOBUD  |b FDOBUD  |d 2019-11-22  |i 4558529  |o 262.13 MAR 1951  |p 4558529  |r 2019-11-22  |w 2019-11-22  |y BK_X  |k BUD